logo

Bir Sreshtho Munshi Abdur Rouf Library
Jhenaidah Cadet College

Atlantic cruise in 'Wanderer III' / (Record no. 9786)

MARC details
000 -LEADER
fixed length control field 00780nam a22002651 4500
001 - CONTROL NUMBER
JCCL Control Number 9786
003 - CONTROL NUMBER IDENTIFIER
JCCL marc code BD-JhCC
005 - DATE AND TIME OF LATEST TRANSACTION
control field 20180329124150.0
008 - FIXED-LENGTH DATA ELEMENTS--GENERAL INFORMATION
fixed length control field 710709s1968 enkadf 000 0 eng
020 ## - INTERNATIONAL STANDARD BOOK NUMBER
International Standard Book Number 0192175246
035 ## - SYSTEM CONTROL NUMBER
system control number (BD-JhCC)9786
040 ## - CATALOGING SOURCE
Original cataloging agency DLC
Transcribing agency DLC
Modifying agency DLC
041 ## - LANGUAGE CODE
Language code of Book eng
050 00 - LIBRARY OF CONGRESS CALL NUMBER
Classification number GV822.W32
Item number H5
082 00 - DEWEY DECIMAL CLASSIFICATION NUMBER
Classification number 910.4/5
Author mark and Year HIS 1968
100 1# - MAIN ENTRY--PERSONAL NAME
Personal name Hiscock, Eric C.
245 10 - TITLE STATEMENT
Title Atlantic cruise in 'Wanderer III' /
Statement of responsibility, etc [by] Eric C. Hiscock; with 80 colour photographs by the author and his wife.
260 ## - PUBLICATION, DISTRIBUTION, ETC. (IMPRINT)
Place of publication, distribution, etc London :
-- New York [etc.]
Name of publisher, distributor, etc Oxford U.P.,
Date of publication, distribution, etc 1968.
300 ## - PHYSICAL DESCRIPTION
Pagination xii, 159 p.
Other physical details 49 plates, 80 col. illus., 7 charts.
Dimensions 23 cm.
350 ## - PRICE (NR) (BK AM CF MU VM SE) [OBSOLETE]
Price 45/-
610 20 - SUBJECT ADDED ENTRY--CORPORATE NAME
Corporate name or jurisdiction name as entry element Wanderer III (Yacht)
651 #0 - SUBJECT ADDED ENTRY--GEOGRAPHIC NAME
Geographic name Atlantic Ocean.
942 ## - ADDED ENTRY ELEMENTS (KOHA)
Source of classification or shelving scheme Dewey Decimal Classification
Koha item type Books
Holdings
Source of classification or shelving scheme Damaged status Not for loan Home library Current library Shelving location Date of accession Total Checkouts Full call number Barcode Date last seen Copy number Koha item type
Dewey Decimal Classification     JCC Rouf Library JCC Rouf Library General Stacks 03/29/2018   910.4/5 HIS 1968 13277 03/29/2018 C-1 Books

JCC Library | Contacts | JCC Home

Last Update on 23 September 2017
Copyright @ 2017-2020 JCC Rouf Library
Rouf Library, Jhenidah Cadet College (JCC), Bangladesh